LEADER 01525nam a2200277 i 4500 001 000000151535 003 CaOOAMICUS 005 20060704000000.0 008 060704s1997 it u000 u ita u 013 $a128873 040 $aSeMil$bita 100 1 $aClaret de La Touche, Louise Marguerite .$0(OLS)http://semarc/name/38868 245 13$aIl Sacro Cuore e il Sacerdozio /$cdella Serva di Dio M. Luisa Margherita Claret de la Touche ; [Traduzione del francese di Natale Federico Reviglio ]. 250 $a6. ed. 260 $aVische (Torino) :$bBetania del Sacro Cuore,$c[Imprim. 1980]$e(Torino :$fScuola Grafica Salesiana,$g[Imprim. 1980]) 300 $a189 p. ;$c21 cm. 500 $aEd. extra commerciale. - In testa al front. : Opera dell'Amore infinito. - Contiene : Appendici. - Dono del Card. Dionigi Tettamanzi. 650 4$aClaret de la Touche, Luisa Margherita - Scritti.$0(OLS)http://semarc/subject/18497 650 4$aClaret de la Touche, Luisa Margherita - Spiritualitą.$0(OLS)http://semarc/subject/26789 700 1 $aReviglio, Natale Federico.$0(OLS)http://semarc/name/59542 850 $aSeMil 852 $aSeMil$W1$xVenegono$y1$m3H III 358$j103562$B103562$CSeMilBibl$Z2$F113653 $81 941 1 $a5 961 $aOmaggio: Tettamanzi Card. Dionigi 996 $6245$aIl Sacro Cuore e il Sacerdozio$9(OLS)http://semarc/title/221455 996 $6260$aVische (Torino) :$bBetania del Sacro Cuore$9(OLS)http://semarc/publisher/47978 LEADER 01323nam a2200289 i 4500 001 000000067557 003 CaOOAMICUS 005 20091112000000.0 008 091112s1982 it u000 u ita u 013 $a38729 020 $a88-01-14735-X 040 $aSeMil$bita 100 1 $aDe Martini, Nicola.$0(OLS)http://semarc/name/23985 245 10$aParrocchia nuova, comunitą di amici :$bcambiare la parrocchia per cambiare la Chiesa, per cambiare la societą /$cNicola De Martini. 250 $a2. ed. 260 $a[Milano] :$bArnoldo Mondadori Editore,$ccopyr. 1982. 300 $a302 p. ;$c19 cm. 490 0 $aCorso di teologia divulgativa ;$v6 650 4$aParrocchia.$0(OLS)http://semarc/subject/5780 650 4$aParrocchia - Studi.$0(OLS)http://semarc/subject/6056 830 0$aCorso di teologia divulgativa ;$v6.$0(OLS)http://semarc/title/29956 850 $aSeMil 852 $aSeMil$W1$xVenegono$y1$m2F I 215$j33710$B33710$CSeMilBibl$Z2$F33713 $81 961 $aOmaggio: Donazione 996 $6020$a88-01-14735-X$9(OLS)http://semarc/number/45556 996 $6245$aParrocchia nuova, comunitą di amici :$bcambiare la parrocchia per cambiare la Chiesa, per cambiare la societą$9(OLS)http://semarc/title/107641 996 $6260$a[Milano] :$bArnoldo Mondadori Editore$9(OLS)http://semarc/publisher/29634